000 00916nam a2200277 a 4500
008 040311s1968||||xo r 0 slo c
040 _aSNK
_bslo
_cSNK
_eAACR2
041 1 _aslo
_hcze
044 _axo
_cSK
080 _a929:7(437)
080 _a008-051(437)
100 1 _aLederer, Jiří
_4aut
240 1 0 _aVšichni řekli - přidte!
_lSlovensky
245 1 0 _aPovedali ... príďte!
_c(autori:) Jiří Lederer, Erich Einhorn ; z čes. orig. Všichni řekli - přiďte! prel. Hana Kovačičová
260 _aBratislava
_bVPL
_c1968
_eBratislava
_fPravda
300 _a319, [4] s.
_c
500 _aFot. Frontispice
500 _a3000 výtl.
650 0 7 _aumelci
_zČesko-Slovensko
_xrozhovory a fotografie
_2SNK
650 0 7 _akultúra
_zČesko-Slovensko
_2SNK
700 1 _aEinhorn, Erich
_4aut
700 1 _aKovačičová, Hana
_4trl
730 _tVšichni řekli - přidte!
020 _c52
958 _aA
999 _c14881
_d14881